Расселение денисовцев в Центральной Азии (Запись № 13714047)

Подробности
000 -МАРКЕР
контрольное поле 01898nam2a2200313 4500
001 - ИДЕНТИФИКАТОР ЗАПИСИ
контрольное поле RU\NLR\BIBL_A\022815595
005 - ИДЕНТИФИКАТОР ВЕРСИИ
контрольное поле 20260618151225.0
010 ## - МЕЖДУНАРОДНЫЙ СТАНДАРТНЫЙ НОМЕР КНИГИ (ISBN)
Номер (ISBN) 978-5-7803-0363-3
Тираж 300
035 ## - ДРУГИЕ СИСТЕМНЫЕ НОМЕРА
Идентификатор записи (NLR Aleph) 022815595
100 ## - ДАННЫЕ ОБЩЕЙ ОБРАБОТКИ
Данные общей обработки 20260525d2025 k y0rusy50 ca
101 0# - ЯЗЫК РЕСУРСА
Язык текста, звукозаписи и т.д. русский
-- английский
Язык резюме английский
102 ## - СТРАНА ПУБЛИКАЦИИ ИЛИ ПРОИЗВОДСТВА
Страна публикации Российская Федерация
105 ## - ПОЛЕ КОДИРОВАННЫХ ДАННЫХ: ТЕКСТОВЫЕ МАТЕРИАЛЫ, МОНОГРАФИЧЕСКИЕ
Кодированные данные о монографическом текстовом документе a z 001zy
200 1# - ЗАГЛАВИЕ И СВЕДЕНИЯ ОБ ОТВЕТСТВЕННОСТИ
Основное заглавие Расселение денисовцев в Центральной Азии
Параллельное заглавие The dispersal of denisovans in Central Asia
Первые сведения об ответственности ответственный редактор: академик РАН В. И. Молодин
Последующие сведения об ответственности Министерство науки и высшего образования Российской Федерации ...
Язык параллельного заглавия английский
210 ## - ПУБЛИКАЦИЯ, РАСПРОСТРАНЕНИЕ И ДР.
Дата издания, распространения и т.д. 2025
215 ## - ФИЗИЧЕСКАЯ ХАРАКТЕРИСТИКА
Специфическое обозначение материала и объем 1139, [4] с.
Другие сведения о физической характеристике ил., цв. ил.
300 ## - ОБЩИЕ ПРИМЕЧАНИЯ
Текст примечания Текст рус., англ.
320 ## - ПРИМЕЧАНИЯ О НАЛИЧИИ В ДОКУМЕНТЕ БИБЛИОГРАФИИ / УКАЗАТЕЛЯ
Текст примечания Библиогр.: с. 583-613, 1094-1126
320 ## - ПРИМЕЧАНИЯ О НАЛИЧИИ В ДОКУМЕНТЕ БИБЛИОГРАФИИ / УКАЗАТЕЛЯ
Текст примечания Имен. указ.: с. 615-625, 1128-1136
320 ## - ПРИМЕЧАНИЯ О НАЛИЧИИ В ДОКУМЕНТЕ БИБЛИОГРАФИИ / УКАЗАТЕЛЯ
Текст примечания Указ. местонахождений: с. 626-628, 1137-1139
461 #0 - УРОВЕНЬ НАБОРА
Встроенное поле 001RU\NLR\BIBL_A\010949756
-- 2001#$aТри глобальные миграции человека в Евразии$dThree global human migrations in Eurasia$fА. П. Деревянко$gотв. ред. д.ист.н. М. В. Шуньков$gРос. акад. наук, Сиб. отд-ние, Ин-т археологии и этнографии$zeng$vТ. 7
-- 700#1$aДеревянко$bА. П.$cархеолог$f1943-$gАнатолий Пантелеевич$3RU\NLR\AUTH\7720585
510 1# - ПАРАЛЛЕЛЬНОЕ ЗАГЛАВИЕ
Связь между полями z11790
Параллельное заглавие The dispersal of denisovans in Central Asia
Язык заглавия английский
702 #1 - ИМЯ ЛИЦА - ВТОРИЧНАЯ ОТВЕТСТВЕННОСТЬ
Начальный элемент ввода Молодин
Часть имени, кроме начального элемента ввода В. И.
Даты 1948-
Расширение инициалов личного имени Вячеслав Иванович
Идентификатор авторитетной/нормативной записи RU\NLR\AUTH\770165665
Код отношения Редактор
790 #1 - ИМЯ ЛИЦА - АЛЬТЕРНАТИВНАЯ ФОРМА
Связь между полями z11510
Начальный элемент ввода Derevjanko
Часть имени, кроме начального элемента ввода A. P.
Дополнения к именам, кроме дат археолог
Даты 1943-
Расширение инициалов личного имени Anatolij Panteleevič
Идентификатор авторитетной/нормативной записи RU\NLR\AUTH\7741690
942 ## - ДОПОЛНИТЕЛЬНЫЕ ЭЛЕМЕНТЫ ЗАПИСИ (АБИС)
Тип экземпляра АБИС Книга
980 ## - КОЛЛЕКЦИЯ
Название коллекции Национальная библиография

Нет доступных экземпляров.